000 00437nam a2200181Ia 4500
005 20240823021445.0
008 240823s9999||||xx |||||||||||||| ||und||
041 _aENGLISH
082 _A382 P5
100 _aRadha
245 0 _aInternational Trade (Foreign trade)
250 _a1st
260 _c2005
_b"Prasanna Publishers,Ch"
_aChennai
500 _aYES
650 _atrade
_bManagement Studies
942 _cBK
999 _c177063
_d177063